Statystyki dla Materiały do rzeźbienia

Kliknij tutaj aby rozwiązać quiz!

Ogólne statystyki

  • Ten quiz został rozwiązany 7 razy
  • Średni wynik to 4 z 5

Statystyki odpowiedzi

Odpowiedź% Poprawnych
drewno
100%
kamień
86%
glina
71%
lód
71%
metal
29%

Rozkład punktacji

Percentyl według liczby udzielonych odpowiedzi

Procent ludzi z każdym wynikiem

Twoja historia wyników

Nie rozwiązałeś tego quizu